| 000 | 00974camaa2200337Mu 4500 | ||
|---|---|---|---|
| 001 | 82607 | ||
| 005 | 20230410142423.0 | ||
| 008 | 921211s1991 sp 000 0 spa d | ||
| 010 | _zsic92013557 | ||
| 035 | _a(OCoLC)ocn434839220 | ||
| 040 |
_aBNM _bspa _cBNM |
||
| 016 | 7 |
_abimoBNE19930259983 _2SpMaBN |
|
| 017 | _aM 15445-1991 | ||
| 020 | _a8476156731 | ||
| 020 | _a9788476156735 | ||
| 035 | _a(OCoLC)434839220 | ||
| 080 | _a334.726:339.9 | ||
| 049 | _aGRAL | ||
| 050 | 1 | 4 | _aO38p 1991 |
| 100 | 1 |
_aOhmae, Kenichi, _d1943- |
|
| 245 | 1 | 3 |
_aEl poder de la triada : _blas nuevas reglas de la competencia mundial / _cKenichi Ohmae. |
| 260 |
_aMadrid : _bMcGraw-Hill/Interamericana de España, _cD.L. 1991. |
||
| 300 |
_a197 p. _c24 cm. |
||
| 490 | 1 | _aSerie McGraw-Hill de management | |
| 650 | 4 | _aCRV. | |
| 650 | 4 | _aColección Rene Villarreal. | |
| 830 | 0 | _aSerie McGraw-Hill de management. | |
| 942 |
_2lcc _cbk |
||
| 946 | _amfcruz | ||
| 994 |
_aC0 _bDRFGD |
||
| 999 |
_c95321 _d95321 |
||